Statistics for Countries with High Speed Rail Networks

Click here to take the quiz!

General Stats

  • This quiz has been taken 15,254 times
    (4,556 since last reset)
  • The average score is 21 of 26

Answer Stats

System Length Answer % Correct
2,765 kmJapan
99%
31,000 kmChina
99%
3,300 kmFrance
98%
3,045 kmGermany
98%
54.6 kmUnited States
97%
1,377 kmUnited Kingdom
97%
845 kmRussia
96%
3,240 kmSpain
96%
1,191 kmItaly
95%
1,706 kmSweden
91%
103 kmNorway
90%
143 kmPoland
89%
92 kmSwitzerland
88%
944 kmFinland
87%
624 kmPortugal
86%
352 kmAustria
86%
175 kmNetherlands
86%
326 kmBelgium
85%
1,104 kmSouth Korea
84%
65 kmDenmark
83%
1213 kmTurkey
77%
700 kmGreece
75%
453 kmSaudi Arabia
57%
345 kmTaiwan
57%
186 kmMorocco
27%
600 kmUzbekistan
13%

Score Distribution

Percentile by Number Answered

Percent of People with Each Score

Your Score History

You have not taken this quiz since the last reset